000 00490nam a2200193Ia 4500
005 20250326124332.0
008 250326s9999 xx 000 0 und d
037 _aTextbook
040 _aFMSL
_beng
_cFMSL
041 _aeng
_2eng
084 _aX:74 L8;4
_qFMSL
100 _aMankar V G
245 0 _aBusiness economics
_cMankar V G
260 _aBombay
_bBombay, Himalaya
_c1978
300 _a222p
490 _v2
942 _cTB
_hX:74 L8;4
999 _c1273325
_d1273325